| 000 | 00377nam a2200145Ia 4500 | ||
|---|---|---|---|
| 008 | 151213s9999 xx 000 0 und d | ||
| 100 | _aJohn W. Elliott | ||
| 245 |
_aThe Raine of the Ancient Mariner _cJohn W. Elliott |
||
| 260 |
_aNew york _bMonarch Press _c1965 |
||
| 300 | _a2138 p. | ||
| 650 | _aEnglish | ||
| 650 | _aEnglish | ||
| 700 | _aJohn W. Elliott | ||
| 999 |
_c1573 _d1573 |
||